Discographie de Saez - Statistiques

Statistiques générales
  • Ce quiz a été pris 19 fois
  • Le résultat moyen est 8 sur 14
Statistiques - réponses
Hint Réponse % Correct
1999 Jours étranges
82%
2008 Varsovie, L'Alhambra, Paris
82%
2002 God Blesse
73%
2013 Miami
73%
2018 #humanité
64%
2010 J'accuse
64%
2004 Debbie
55%
2012 Messina
55%
2025 Apocalypse
45%
2016 L'oiseau liberté
45%
2017 Lulu
36%
2009 A Lovers Prayer
27%
2019 Le Manifeste 2016 2019 Ni dieu ni maître
27%
2022 Telegram
27%
Aucun quiz correspondant
Distribution des résultats
% des personnes avec chaque résultat
Percentile par nombre de réponses
Votre historique - résultats
Vous n’avez pas pris ce quiz